00241 a2200121 4500001000700000020000600007040001100013100002900024240002700053245002200080362000900102440000800111161504 a  cMagnum aCarvalho, Mercedes Penna10aTricota, sa cobralpor10aTricota, sa cobra0 a1899 1aRHJ